|
|
|
|
| LEADER |
00000nbm0a2200000 4500 |
| 001 |
144771 |
| 005 |
20231031143812.0 |
| 035 |
|
|
|a (RuTPU)RU\TPU\book\156905
|
| 090 |
|
|
|a 144771
|
| 100 |
|
|
|a 20081008d1965 k y0rusy50 ca
|
| 101 |
0 |
|
|a rus
|
| 102 |
|
|
|a RU
|
| 105 |
|
|
|a a m 001zy
|
| 200 |
1 |
|
|a Снегонакопление и снеготаяние в малом речном бассейне Горного Алтая
|e Диссертация на соискание ученой степени кандидата географических наук
|f Ю. В. Титова
|g Сибирский научно-исследовательский институт энергетики ; науч. рук. М. В. Тронов
|
| 210 |
|
|
|a Новосибирск
|c [Б. и.]
|d 1965
|
| 215 |
|
|
|a 223 л.
|c ил.
|
| 320 |
|
|
|a Библиогр.: с. 207 - 223.
|
| 610 |
1 |
|
|a Горный Алтай
|
| 610 |
1 |
|
|a речной бассейн
|
| 610 |
1 |
|
|a снеготаяние
|
| 610 |
1 |
|
|a снегонакопление
|
| 610 |
1 |
|
|a снежный покров
|
| 610 |
1 |
|
|a физико-географические характеристики
|
| 610 |
1 |
|
|a климатические особенности
|
| 610 |
1 |
|
|a снегозапасы
|
| 610 |
1 |
|
|a наблюдения
|
| 610 |
1 |
|
|a радиационный фактор
|
| 610 |
1 |
|
|a изучение
|
| 610 |
1 |
|
|a диссертации
|
| 675 |
|
|
|a 551.5(04)
|v 3
|
| 700 |
|
1 |
|a Титова
|b Ю. В.
|
| 702 |
|
1 |
|a Тронов
|b М. В.
|4 727
|
| 712 |
0 |
2 |
|a Сибирский научно-исследовательский институт энергетики
|2 stltpush
|3 (RuTPU)RU\TPU\col\8801
|
| 801 |
|
1 |
|a RU
|b 63413507
|c 20081008
|g PSBO
|
| 942 |
|
|
|c BK
|